| 000 | 00393nam a2200157Ia 4500 | ||
|---|---|---|---|
| 008 | 230312s9999||||xx |||||||||||||| ||und|| | ||
| 020 | _a81-203-2988-1 | ||
| 082 |
_a658.3 _bKAN-P |
||
| 100 | _aKandula,Srinivas.R | ||
| 245 | 0 | _aPerformance Management | |
| 260 |
_bPrentice Hall _aIndia _c2006 |
||
| 300 | _a320 | ||
| 546 | _aEng. | ||
| 650 |
_aManagement _vPerformance Management |
||
| 942 | _cBK | ||
| 999 |
_c6478 _d6478 |
||